The perilous princess plot / (Record no. 49559)
| 000 -LEADER | |
|---|---|
| fixed length control field | 00301nam a2200109 4500 |
| 020 ## - INTERNATIONAL STANDARD BOOK NUMBER | |
| International Standard Book Number | 9781250052773 |
| 100 ## - MAIN ENTRY--PERSONAL NAME | |
| Personal name | Courtauld, Sarah |
| 9 (RLIN) | 86691 |
| 245 ## - TITLE STATEMENT | |
| Title | The perilous princess plot / |
| Statement of responsibility, etc | Sarah Courtauld |
| 260 ## - PUBLICATION, DISTRIBUTION, ETC. (IMPRINT) | |
| Place of publication, distribution, etc | New York |
| Name of publisher, distributor, etc | Feiwel and Friends |
| Date of publication, distribution, etc | 2015 |
| 300 ## - PHYSICAL DESCRIPTION | |
| Extent | 186 p. |
| Other physical details | ill. |
| Dimensions | 22 cm. |
| 942 ## - ADDED ENTRY ELEMENTS (KOHA) | |
| Source of classification or shelving scheme | |
| Koha item type | Book |
| Withdrawn status | Lost status | Source of classification or shelving scheme | Damaged status | Not for loan | Home library | Current library | Shelving location | Date acquired | Total Checkouts | Full call number | Barcode | Checked out | Date last seen | Date checked out | Price effective from | Koha item type |
|---|---|---|---|---|---|---|---|---|---|---|---|---|---|---|---|---|
| Asian Hope Primary Library | Asian Hope Primary Library | Junior Fiction | 09/11/2025 | 3 | J FIC COU | 208172 | 04/29/2026 | 04/22/2026 | 04/22/2026 | 09/11/2025 | Book |